[Event "VIE-ch"]
[Site "Ha Tien"]
[Date "2023.09.14"]
[Round "3"]
[White "Nguyen, Hoang Nam3"]
[Black "Nguyen, Ha Thi Hai"]
[Result "0-1"]
[WhiteElo "2122"]
[BlackElo "1617"]
[PlyCount "114"]
[EventDate "2023.09.13"]
[EventType "swiss"]
[EventRounds "9"]
[EventCountry "VIE"]
[SourceTitle "CBM 216 Extra"]
[Source "ChessBase"]
[SourceDate "2023.11.30"]
[SourceVersion "1"]
[SourceVersionDate "2023.11.30"]
[SourceQuality "1"]

1. d4 Nf6 2. c4 e6 3. Nc3 Bb4 4. e3 0-0 5. Bd3 d5 6. cxd5 exd5 7. Nge2 Re8 8. a3 Bf8 9. 0-0 Nbd7 10. b4 c6 11. f3 a5 12. Rb1 axb4 13. axb4 Nb6 14. e4 dxe4 15. fxe4 Be6 16. Rf3 Bc4 17. Bg5 Bxd3 18. Qxd3 Be7 19. Rbf1 Rf8 20. Rh3 Nfd7 21. e5 h6 22. Bxh6 Nxe5 23. Qf5 Ng6 24. Be3 Nd5 25. Qh5 Bh4 26. Bf2 Nxc3 27. Nxc3 Bxf2+ 28. Rxf2 Ra1+ 29. Nd1 Re8 30. Rf1 Qxd4+ 31. Kh1 Re6 32. Qf5 Qf6 33. g4 Rd6 34. Ne3 Rxf1+ 35. Nxf1 Qxf5 36. gxf5 Nf4 37. Re3 Kf8 38. Re4 Nd3 39. Kg2 f6 40. Ne3 Ne5 41. Nc4 Nxc4 42. Rxc4 Rd5 43. Rf4 Rd3 44. Re4 Rb3 45. h4 Kg8 46. Rd4 Kh7 47. Re4 Kh6 48. Rg4 b5 49. Rg6+ Kh7 50. Rg4 Rc3 51. Rd4 Rc4 52. Rxc4 bxc4 53. Kf3 g6 54. fxg6+ Kxg6 55. Ke4 Kh5 56. Kd4 f5 57. Kxc4 f4 0-1

[Event "VIE-chT"]
[Site "Hanoi"]
[Date "2023.04.23"]
[Round "9"]
[White "Nguyen, Ha Thi Hai"]
[Black "Nguyen, Truong An Khang"]
[Result "1-0"]
[WhiteElo "1966"]
[BlackElo "1407"]
[PlyCount "95"]
[EventDate "2023.04.18"]
[EventType "swiss"]
[EventRounds "9"]
[EventCountry "VIE"]
[SourceTitle "EXT 2024"]
[Source "ChessBase"]
[SourceDate "2023.10.10"]
[SourceVersion "1"]
[SourceVersionDate "2023.10.10"]
[SourceQuality "1"]

1. d4 d5 2. c4 e6 3. Nc3 Nf6 4. cxd5 exd5 5. Bg5 c6 6. Qc2 h6 7. Bh4 Be7 8. e3 0-0 9. Bd3 Nbd7 10. Nf3 Re8 11. 0-0 Ne4 12. Bxe7 Qxe7 13. Bxe4 dxe4 14. Nd2 Nf6 15. Rae1 Bf5 16. f3 Bg6 17. fxe4 Nxe4 18. Ndxe4 Bxe4 19. Qd1 Qg5 20. Rf2 Rad8 21. Qe2 f5 22. Qf1 g6 23. Rf4 Bd5 24. Qf2 Re7 25. h4 Qf6 26. h5 Rde8 27. hxg6 Qxg6 28. Nxd5 cxd5 29. Qf3 Kh8 30. Rxf5 Rxe3 31. Rxe3 Rxe3 32. Qxe3 Qxf5 33. Qe5+ Qxe5 34. dxe5 Kg7 35. Kf2 b5 36. Ke3 Kf7 37. Kd4 Ke6 38. b4 h5 39. g3 a6 40. a3 Ke7 41. Kxd5 Kd7 42. e6+ Ke7 43. Ke5 Ke8 44. Kd6 Kd8 45. e7+ Ke8 46. Ke6 a5 47. bxa5 b4 48. a6 1-0

[Event "VIE-chT"]
[Site "Hanoi"]
[Date "2023.04.22"]
[Round "8"]
[White "Cao, Sang"]
[Black "Nguyen, Ha Thi Hai"]
[Result "1-0"]
[WhiteElo "2376"]
[BlackElo "1966"]
[PlyCount "135"]
[EventDate "2023.04.18"]
[EventType "swiss"]
[EventRounds "9"]
[EventCountry "VIE"]
[SourceTitle "EXT 2024"]
[Source "ChessBase"]
[SourceDate "2023.10.10"]
[SourceVersion "1"]
[SourceVersionDate "2023.10.10"]
[SourceQuality "1"]

1. e4 e6 2. d4 d5 3. Nc3 Bb4 4. e5 c5 5. a3 Bxc3+ 6. bxc3 Qc7 7. Nf3 b6 8. a4 Ba6 9. Bxa6 Nxa6 10. 0-0 Ne7 11. Qe2 Nb8 12. a5 Nd7 13. axb6 Qxb6 14. Ba3 0-0 15. Rfb1 Qc7 16. Qa6 Qc6 17. Qxc6 Nxc6 18. Rb7 Rfd8 19. Bxc5 Nxc5 20. dxc5 Rdc8 21. Kf1 h6 22. Ke2 a5 23. Ra4 Rab8 24. Rb3 Kf8 25. h4 g6 26. g4 Kg7 27. g5 h5 28. Ke3 Kf8 29. Kd2 Ke8 30. Kc1 Rxb3 31. cxb3 Rb8 32. Kc2 Rb5 33. Nd4 Rxc5 34. Nxc6 Rxc6 35. Rxa5 Rc7 36. Kd3 Rb7 37. Ra3 Kd7 38. Kd4 Kc6 39. Ra6+ Kb5 40. Ra8 Kb6 41. c4 dxc4 42. bxc4 Rd7+ 43. Kc3 Kb7 44. Ra2 Rd1 45. Rd2 Rc1+ 46. Kb4 Kc6 47. Rd6+ Kc7 48. Rd4 Kc6 49. Rd6+ Kc7 50. Kc5 Rf1 51. Rc6+ Kb7 52. Rb6+ Kc7 53. Ra6 Kb7 54. Ra2 Rd1 55. Ra3 Rd2 56. Rf3 Rd7 57. Kb5 Kc8 58. c5 Rb7+ 59. Kc4 Ra7 60. c6 Ra5 61. Rxf7 Rxe5 62. Rg7 Rf5 63. Rxg6 Rxf2 64. Rxe6 Rh2 65. Kc5 Rxh4 66. Re8+ Kc7 67. Re7+ Kc8 68. g6 1-0

[Event "VIE-ch U13"]
[Site "Ho Chi Minh City"]
[Date "2022.07.12"]
[Round "3"]
[White "Huynh, Le Minh Hoang"]
[Black "Nguyen, Ha Thi Hai"]
[Result "1/2-1/2"]
[WhiteElo "2335"]
[BlackElo "2339"]
[PlyCount "69"]
[EventDate "2022.07.11"]
[EventType "swiss"]
[EventRounds "9"]
[EventCountry "VIE"]
[SourceTitle "EXT 2023"]
[Source "ChessBase"]
[SourceDate "2022.10.05"]
[SourceVersion "1"]
[SourceVersionDate "2022.10.05"]
[SourceQuality "1"]

1. e4 e6 2. d4 d5 3. Nc3 Bb4 4. exd5 exd5 5. Bd3 Nf6 6. Nge2 0-0 7. 0-0 Re8 8. Bf4 c6 9. Ng3 Bg4 10. f3 Be6 11. Nce2 Bd6 12. Be5 c5 13. c3 Nc6 14. Bxd6 Qxd6 15. dxc5 Qxc5+ 16. Kh1 Rad8 17. Rc1 Qb6 18. Qd2 d4 19. c4 Qc5 20. Nf4 g6 21. Rfe1 Bc8 22. a3 a5 23. Rxe8+ Rxe8 24. Nd5 Nxd5 25. Ne4 Qe7 26. cxd5 Ne5 27. Bb5 Rd8 28. Qxd4 Bf5 29. d6 Qe6 30. f4 Ng4 31. Ng3 Rxd6 32. Qc3 Nf2+ 33. Kg1 Nd3 34. Nxf5 Qxf5 35. Bxd3 1/2-1/2

[Event "VIE-ch U13"]
[Site "Hanoi"]
[Date "2022.06.17"]
[Round "9"]
[White "Doan, The Duc"]
[Black "Nguyen, Ha Thi Hai"]
[Result "1/2-1/2"]
[WhiteElo "2367"]
[BlackElo "2365"]
[PlyCount "113"]
[EventDate "2022.06.11"]
[EventType "swiss"]
[EventRounds "9"]
[EventCountry "VIE"]
[SourceTitle "EXT 2023"]
[Source "ChessBase"]
[SourceDate "2022.10.05"]
[SourceVersion "1"]
[SourceVersionDate "2022.10.05"]
[SourceQuality "1"]

1. d4 Nf6 2. c4 e6 3. Nf3 d5 4. Nc3 c6 5. e3 Be7 6. Qc2 0-0 7. b3 Nbd7 8. Bd3 h6 9. Bb2 b6 10. 0-0 Bb7 11. Rfd1 Rc8 12. Qe2 Qc7 13. Rac1 Qb8 14. e4 dxe4 15. Nxe4 Nxe4 16. Bxe4 Rfd8 17. Bb1 Bf6 18. Rd2 c5 19. Rcd1 Qf4 20. Qe3 Qxe3 21. fxe3 cxd4 22. exd4 g5 23. h3 Kg7 24. Nh2 h5 25. Nf3 Bxf3 26. gxf3 Nf8 27. Rg2 Ng6 28. Bxg6 Kxg6 29. f4 g4 30. hxg4 hxg4 31. Rxg4+ Kf5 32. Rg2 Rg8 33. Bc1 Ke4 34. Re1+ Kd3 35. d5 exd5 36. cxd5 Rxg2+ 37. Kxg2 Rc2+ 38. Kf3 Kd4 39. Rd1+ Kc5 40. Be3+ Kd6 41. Ke4 Rxa2 42. Rc1 Kd7 43. Rc4 Re2 44. Ra4 a5 45. b4 Bd8 46. bxa5 bxa5 47. Kd3 Rb2 48. Bd2 Rb3+ 49. Kd4 Bc7 50. Bxa5 Bxf4 51. Bb4 Bc7 52. Kc4 Rb1 53. Ra7 Rf1 54. Kb5 Rd1 55. Kc4 Kc8 56. Ra8+ Kd7 57. Bc3 1/2-1/2

[Event "VIE-ch U13"]
[Site "Hanoi"]
[Date "2022.06.13"]
[Round "3"]
[White "Pham, Dang Minh"]
[Black "Nguyen, Ha Thi Hai"]
[Result "1/2-1/2"]
[WhiteElo "2342"]
[BlackElo "2365"]
[PlyCount "59"]
[EventDate "2022.06.11"]
[EventType "swiss"]
[EventRounds "9"]
[EventCountry "VIE"]
[SourceTitle "EXT 2023"]
[Source "ChessBase"]
[SourceDate "2022.10.05"]
[SourceVersion "1"]
[SourceVersionDate "2022.10.05"]
[SourceQuality "1"]

1. Nf3 d5 2. g3 Nf6 3. Bg2 Bf5 4. c4 c6 5. cxd5 cxd5 6. 0-0 e6 7. d3 h6 8. Bf4 Nc6 9. Nc3 Bd6 10. Bxd6 Qxd6 11. Re1 Rd8 12. Qb3 Qb4 13. Qxb4 Nxb4 14. Nd4 Bg6 15. a3 Nc6 16. Nxc6 bxc6 17. Rac1 Rb8 18. Na4 Kd7 19. Rc2 Rhc8 20. Nc5+ Kd6 21. Rec1 Nd7 22. b4 Rb5 23. Nxd7 Kxd7 24. Rc5 Rxc5 25. Rxc5 Rb8 26. Kf1 Kc7 27. Ke1 Kb6 28. Kd2 Ra8 29. Ra5 Rc8 30. Rc5 1/2-1/2